Łatwa historia - prawda czy fałsz? - Statystyki

Ogólne statystyki
  • Ten quiz został rozwiązany 3 443 razy
  • Średni wynik to 13 z 15
Statystyki odpowiedzi
Zagadnienie Odpowiedź % Poprawnych
Wielka Piramida jest jednym z siedmiu cudów starożytnego świata Prawda
94%
Krzysztof Kolumb był pierwszą osobą, która opłynęła całą Ziemię Fałsz
92%
Islam był ważną religią w starożytnym Rzymie Fałsz
91%
Babilon był miastem, które faktycznie istniało Prawda
87%
Niemcy były po przegranej stronie obu wojen światowych Prawda
86%
Żołnierze mongolscy walczyli zwykle na koniach Prawda
86%
Aztekowie praktykowali składanie ofiar z ludzi Prawda
85%
Thor był jednym z bogów czczonych przez Wikingów Prawda
85%
Sokrates żył na terenach dzisiejszego Iranu Fałsz
83%
Hongkong był kiedyś kontrolowany przez Wielką Brytanię Prawda
83%
Proch strzelniczy został po raz pierwszy wynaleziony w Afryce Fałsz
81%
Abraham Lincoln był pierwszym prezydentem Stanów Zjednoczonych Fałsz
79%
Mahatma Gandhi był królem Indii Fałsz
78%
Australia była całkowicie niezamieszkana, dopóki nie została odkryta przez Europejczyków Fałsz
78%
Budda był prawdziwą osobą Prawda
70%
Nie znaleziono quizów pasujących do podanych kryteriów
Rozkład punktacji
Procent ludzi z każdym wynikiem
Percentyl według liczby udzielonych odpowiedzi
Twoja historia wyników
Nie rozwiązałeś tego quizu